Регионална библиотека "Любен Каравелов" - Русе

Рейки (Запис номер 53160)

MARC детайли
000 -Лидер
Контролно поле с фиксирана дължина 01522nam a2200385 c 4500
003 - Код на организацията, давaща контролен номер
Контролно поле BLK
005 - Дата и час на последна редакция
Контролно поле 20180422101722.0
008 - Елементи от данни с фиксирана дължина
fixed length control field 180408b bul|||||r ||||||| ||bul||
010 ## - Наследен системен номер
LC control number KNG00057092000
020 ## - Международен стандартен номер на книга ISBN
Международен стандартен номер на книга ISBN 954-626-211-0
-- издат.: Аратрон
040 ## - Източник на каталожния запис
Идентификатор на билиотеката - собственик на записа BLK
041 ## - Код за език
Код за езика на текст/звукозапис или на отделно заглавие Български
Код за езика КДБФ Български
072 #7 - Код за тематичната категория
Код организация bullib
Код за тематична категория Л07
Текст Биоенерготерапия
080 ## - УДК
Текстов определител УДК Други видове терапия. Биоенерготерапия.
УДК код - определител по УДК 615.85
УДК определител (035)
УДК - код + определител 615.85(035)
100 1# - Редна дума - Автор
Автор Любек, Валтер
Авторска отговорност първи автор
R(LIN) 284893
139 ## - Редно поле
Редна дума Любек, Валтер и др.
Авторски знак Люб - Л 95
245 10 - Сведения за заглавието
Заглавие Рейки
Подзаглавни данни Най-добрите практики
Редно поле (дума) Валтер Любек; съавт. Франк Арджава Петер; прев. Светлана Николова.
257 ## - Страна на издаване
Страна на създаване/издаване Съединени американски щати
260 ## - Област на издателските данни
-- София
Име на издателя, разпространителя и проч. Аратрон
Година на издаване 2004
Печатница София : Балкан прес
300 ## - Физическа характеристика
Страници 319 с.
Илюстрации и др. с ил.
Размери/Мащаб 20 см
380 ## - Жанр
Жанр Медицина
500 ## - Общи забележки
Забележка Ориг. загл. Reiki - die schonsten Techniken / Walter Lubek, Frank Arjava Petter.
650 #4 - Допълнително описание по предмет – тема
Основно описание – тема или топоним Биоенерготерапия
9 (RLIN) 148661
653 ## - Ключова дума – ненормативна
Ключова дума рейки
653 ## - Ключова дума – ненормативна
Ключова дума биоенерготерапия
653 ## - Ключова дума – ненормативна
Ключова дума наръчници
659 ## - Тематичен бюлетин
Тематичен бюлетин Л
700 1# - Други автори (авторска отговорност)
Лично име Петер, Франк Арджава
Автороска отговорност (Описва отношението между автора и произведението) съавт.
9 (RLIN) 284894
700 1# - Други автори (авторска отговорност)
Лично име Николова, Светлана
Автороска отговорност (Описва отношението между автора и произведението) прев.
9 (RLIN) 366308
852 ## - Местоположение
Форматна сигнатура Цб 225830
856 4# - Електронен адрес и достъп
Електронен формат pdf - файл
Път до файла /url/
856 4# - Електронен адрес и достъп
Електронен формат pdf - файл
Път до файла /url/
942 ## - АРТИКУЛИ
Вид на библиотечния материал Книги
Скрит в OPAC Не
944 ## - СЪЗДАВАНЕ И РЕДАКЦИЯ на ЗАПИСА
Създаване/Редакция Създаване
Дата на регистрацията/редакция 12.12.2005
Служител, извършил регистрацията/редакцията Ирена_Линкова
944 ## - СЪЗДАВАНЕ И РЕДАКЦИЯ на ЗАПИСА
Създаване/Редакция Редакция
Дата на регистрацията/редакция 12.11.2011
Служител, извършил регистрацията/редакцията
999 ## - СИСТЕМНИ КОНТРОЛНИ НОМЕРА
Koha biblionumber 53160
Koha biblioitemnumber 53160
Наличности
Код за отписване Код за изгубен артикул Код за повреда Коз за рестрикции Код за отдаване Артикулен № Име на библиотеката - собственик Име на библиотеката, в която се намира в момента Статус (Текущо местоположение) Дата на вписване в системата Местоположение - отдел Цена в лева Инвентарен номер Систематично азбучна сигнатура Баркод Номер на екземпляра Цена в евро Служебна бележка Служебен тип на артикула
  Не е изгубен Не е повреден без рестрикции ползва се в читалня 83685 Регионална библиотека "Любен Каравелов" Русе Регионална библиотека "Любен Каравелов" Русе Хранилище 2005-12-09 Хранилище 6.50 120000698703 Цб 225830 120000698703 1 3.32 Дост: Dp Вид: Д N: 50 Дата: 01.12.2004 Книги
Vip Innovations Ltd, Rousse, Bulgaria 2025